Normal view
MARC view
- Pescetti, Luis María,
Entry Nombre Personal
001 - NUMERO DE CONTROL
- campo de control: 30469
003 - IDENTIFICADOR DE NUMERO DE CONTROL
- campo de control: UPN
005 - FECHA Y HORA DE LA ÜLTIMA TRANSACCIÓN
- campo de control: 20220908120407.0
008 - DATOS DE LONGITUD FIJA
- campo de control de longitud fija: 220908nn acannaabn n aaa d
035 ## - NUMERO DE CONTROL
- Número de control: UPN11000002575
040 ## - FUENTE DE CATALOGACIÓN
- Lenguaje de catalogación: SPA
- Agencia de transcripción: UPN
- Agencia original de catalogación: UPN
053 #4 - NÚMERO DE CLASIFICACIÓN LC
- Número de clasificación elemento-número único o número inicial de tramo: PQ7798.26 E8.3
100 1# - ENCABEZAMIENTO - NOMBRE PERSONAL
- Nombre personal: Pescetti, Luis María,
- Fechas asociadas con el nombre: 1958-
670 ## - FUENTE EN LA QUE SE LOCALIZARON DATOS
- Cita de la fuente: Wikipedia
680 ## - NOTA PUBLICA DE ACCESO PÚBLICO
- Frase explicativa de la referencia: Escritor, músico y actor argentino
902 ## - CATALOGADOR
- Catalogador: CAA/211010
